Viviendo en riesgo (notice nᵒ 6210)
[ vue normale ]
| 000 -Sello discográfico | |
|---|---|
| campo de control de longitud fija | 01182nam a2200289 4500 |
| 005 - Identificación de versión | |
| campo de control | 20251016084613.0 |
| 099 ## - fechas locales | |
| Tipo de ítem Koha | LIBRO |
| 100 ## - Datos de procesamiento general | |
| Datos de procesamiento general | 20221005d1994 m y1spay5003 ba |
| 105 ## - Campo de datos codificados: Material textual, monográfico | |
| Datos codificados de monografía | a 001zy |
| 200 1# - Título y mención de responsabilidad | |
| Título propio | Viviendo en riesgo |
| Designación general del material | texto impreso |
| Otra información del título | comunidades vulnerables y prevención de desastres en América Latina |
| Primer mención de responsabilidad | compilación Allan Lavell |
| 205 ## - Declaración de edición | |
| Declaración de edición | 1a ed |
| 210 ## - Publicación, distribución, etc. | |
| Lugar de publicación, distribución, etc. | Colombia |
| Nombre del editor, distribuidor, etc. | Facultad Latinoamericana en Ciencias Sociales |
| -- | Red de Estudios Sociales en Prevención de Desastres en América Latina |
| -- | Centro de Prevención de Desastres Naturales en Centroamérica |
| Fecha de publicación, distribución, etc. | 1994 |
| 215 ## - Descripción física | |
| Designación de material específico y extensión del ítem | 386 p |
| Otras características físicas | il. |
| Dimensiones | 23 cm |
| 345 ## - Nota de información de adquisición | |
| Fuente de adquisición/dirección de la suscripción [OBSOLETO] | Donación Alain Musset |
| 606 ## - Término temático usado como materia | |
| Elemento de entrada | Desastres naturales |
| Subdivisión temática | Aspectos políticos |
| Número Koha | 11789 |
| 606 ## - Término temático usado como materia | |
| Elemento de entrada | Desastres naturales |
| Subdivisión temática | Aspectos sociales |
| Número Koha | 11790 |
| 660 ## - Código de área geográfica | |
| Código | MX |
| 702 ## - Nombre personal - Responsabilidad secundaria | |
| Elemento de entrada | Lavell |
| Parte del nombre distinta del elemento de entrada | Allan |
| Número Koha | 11791 |
| 801 #0 - Fuente de origen | |
| País | FR |
| Agencia | cm |
| Reglas de catalogación (convenciones descriptivas) | AFNOR |
| 856 ## - Localización electrónica y acceso | |
| Identificador Uniforme de Recurso | https://www.desenredando.org/public/libros/1994/ver/ver_todo_nov-20-2002.pdf |
| 900 ## - | |
| -- | 1/21784 |
| 900 ## - | |
| -- | 7100417642\080104 |
| 942 ## - ELEMENTOS DE ENTRADA SECUNDARIOS (KOHA) | |
| Tipo de ítem Koha | Livre |
| 996 ## - | |
| -- | MEX |
| -- | 751145101 |
| -- | MMAG |
| -- | 006906 |
| -- | 363.34 L399VI |
| -- | 20221005LIV |
| Estatus retirado | Estado de daño | Estado de pérdida | Fecha de adquisición | Biblioteca de origen | Biblioteca actual | Ubicación en estantería | Código de barras | Precio de reemplazo | Signatura topográfica completa | No para préstamo | Tipo de ítem Koha | Nota pública | Nota no pública |
|---|---|---|---|---|---|---|---|---|---|---|---|---|---|
| 05/08/2025 | Casa México Paris | Casa México Paris | 006906 | 05/08/2025 | 363.34 L399VI | Livre | 20221005LIV | 751145101 |